000 01261nam a2200289 a 4500
005 20211213101915.0
008 151006s2014 gw b 000 0dger d
020 _a9783518586242
040 _aCO-BoUCM
_cDeissy Garcia (modificó)
_dDavid Avila
_bspa
041 0 _ager
100 1 _aBlumenberg, Hans
_91164
245 1 0 _aGoethe zum Beispiel
_cHans Blumenberg ; in Verbindung mit Manfred Sommer herausgegeben vom Hans Blumenberg-Archiv.
260 _aBerlín (Alemania)
_bSuhrkamp
_c2014
300 _a245 páginas
500 _aOriginalmente publicado: Fráncfort del Meno: Insel, 1999.
504 _aIncluye referencias bibliográficas
600 1 0 _aGoethe, Johann Wolfgang von
_d1749-1832
_xCrítica e interpretación
_972058
600 1 0 _aGoethe, Johann Wolfgang von
_d1749-1832
_xPensamiento político y social
_972059
600 1 0 _aGoethe, Johann Wolfgang von
_d1749-1832
_xInfluencia
_972060
650 0 _aAutores alemanes
_ySiglo XVIII
_xPensamiento político y social
_972061
650 0 _aAutores alemanes
_ySiglo XVIII
_vBiografías
_972062
690 _aLiteratura europea
_926524
700 1 _aSommer, Manfred,
_d1945-
_972063
710 2 _aHans Blumenberg-Archiv,
_972064
942 _2LOCAL
_a18
_cLIBRO
_e1
_h832.62
_mG599B
_n0
999 _c300940
_d300940